000 00692cab a2200217 4500
001 ABS55240
008 090401t1996 xxu||||| |||| 00| 0 eng d
035 _a(Sirsi) u15071
041 _aeng
100 _aFerrett, T
245 4 _aThe risk business
260 _c1996
350 _a0
490 _aUtility Week
_v5(21) 31 May 1996, 16-18(3)
520 _aSets out main aims of project management. Argues that successful project management demands successful risk analysis. Features a ten step guide to successful project management.
650 _aMANAGEMENT-PROJECT MANAGEMENT
650 _aRISK ANALYSIS
690 _aProject management
_96261
942 _n0
948 _c04/03/1997
999 _c9845
_d9845